| 000 | 01083cam a2200301 a 4500 | ||
|---|---|---|---|
| 001 | 11871100 | ||
| 003 | csc | ||
| 005 | 20200421093819.0 | ||
| 008 | 991217s1999 enka b 001 0 eng | ||
| 010 | _a 99491668 | ||
| 020 | _a1860465986 | ||
| 040 |
_aDLC _cDLC _dDLC |
||
| 041 | 1 |
_aeng _hdut |
|
| 043 | _ae-ne--- | ||
| 050 | 0 | 0 |
_aDJ411.A55 _bM3513 1999 |
| 082 | 0 | 0 |
_a949.2/352 _221 |
| 100 | 1 |
_aMak, Geert. _9143 |
|
| 240 | 1 | 0 |
_aKleine geschiedenis van Amsterdam. _lEnglish |
| 245 | 1 | 0 |
_aAmsterdam : _ba brief life of the city / _cGeert Mak ; translated from the Dutch by Philipp Blom. |
| 260 |
_aLondon : _bHarvill Press, _c1999. |
||
| 300 |
_axiii, 338 p. : _bill., maps ; _c24 cm. |
||
| 504 | _aIncludes bibliographical references (p. [326]-329) and indexes. | ||
| 651 | 0 |
_aAmsterdam (Netherlands) _xHistory. _9760 |
|
| 651 | 0 |
_aAmsterdam (Netherlands) _xEconomic conditions. _9761 |
|
| 906 |
_a7 _bcbc _corignew _d3 _encip _f19 _gy-gencatlg |
||
| 942 |
_2ddc _cBK |
||
| 999 |
_c124 _d124 |
||